000
00325nam a2200121 a 4500
001
4140
005
20140414131941.0
008
090218s19uu xx 00 eng d
050
_a
TR 170
_b
Sa9 2005
245
_a
Saving the old apple tree :
_b
a book about caring for the environment.
650
_a
Environment
999
_c
112596
_d
112596